• 首页
  • 本馆介绍
  • 公告通知
  • 最新文献
  • 馆藏检索
  • 电子资源
  • 读者导购
  • 参考咨询
  • 我的图书馆
  • 登录
  • 详细信息显示
  • 放入我的书架
  • 预约/预借图书
  • 作者相关作品
  • 分类相关作品
  • 丛书相关作品
  • 出版社相关作品

书目信息

  • 表格格式
  • 工作单格式
  • 卡片格式
题名:
党的群众路线教育实践活动基层干部读本
    
 
作者: 彭道伦 , 王干江 , 倪春华 主编
分册:  
出版信息: 北京   中共党史出版社  2014
页数: 235页
开本: 24cm
丛书名:
单 册:
中图分类: D252
科图分类:
主题词:
电子资源:
ISBN: 978-7-5098-2437-5
000 01012nam0 2200253 450
001 337864
005 20150529083422.06
010    @a978-7-5098-2437-5@dCNY46.00
100    @a20141022d2014 em y0chiy50 ea
101 0  @achi
102    @aCN@b110000
105    @ay z 000yy
106    @ar
200 1  @a党的群众路线教育实践活动基层干部读本@Adang de qun zhong lu xian jiao yu shi jian huo dong ji ceng gan bu du ben@f彭道伦, 王干江, 倪春华主编
210    @a北京@c中共党史出版社@d2014
215    @a235页@d24cm
330    @a本书围绕党中央关于开展党的群众路线教育实践活动的精神, 从开展群众路线教育实践活动的时代背景、群众路线的基本涵义、新形势下坚持群众路线的重大意义等方面, 对党的群众路线教育实践活动进行深入阐释和解读。
601 02 @a中国共产党@x群众路线@x干部教育@j学习参考资料
690    @aD252@v5
701  0 @a彭道伦@Apeng dao lun@f(1957)@4主编
701  0 @a王干江@Awang gan jiang@c(政治理论)@4主编
701  0 @a倪春华@Ani chun hua@4主编
801  0 @aCN@b卓展宏图@c20150525
905    @dD252@e204@f4
    
    党的群众路线教育实践活动基层干部读本/彭道伦, 王干江, 倪春华主编.-北京:中共党史出版社,2014
    235页;24cm
    
    
    ISBN 978-7-5098-2437-5:CNY46.00
    本书围绕党中央关于开展党的群众路线教育实践活动的精神, 从开展群众路线教育实践活动的时代背景、群众路线的基本涵义、新形势下坚持群众路线的重大意义等方面, 对党的群众路线教育实践活动进行深入阐释和解读。
●
相关链接 在E读中查询图书 在五车中查询图书 在当当中查询图书 在豆瓣中查询图书


正题名:党的群众路线教育实践活动基层干部读本     索取号:D252/204         预约/预借

序号 登录号 条形码 馆藏地/架位号 状态 备注
1 856476   208564766   第一样本阅览室/ [索取号:D252/204] 在馆    
2 856477   208564775   第一借阅区/ [索取号:D252/204] 在馆    
3 856478   208564784   第一借阅区/ [索取号:D252/204] 在馆    
4 856479   208564793   密集书库-史法系/ [索取号:D252/204] 在馆    
唐山师范学院图书馆 欢迎您!
大连网信软件有限公司© 版权所有